Normal view MARC view
  • Drioux,

Entry Nombre Personal

Number of records used in: 1

001 - NUMERO DE CONTROL

  • campo de control: 51458

003 - IDENTIFICADOR DE NUMERO DE CONTROL

  • campo de control: DLC

005 - FECHA Y HORA DE LA ÜLTIMA TRANSACCIÓN

  • campo de control: 20240322091705.0

008 - DATOS DE LONGITUD FIJA

  • campo de control de longitud fija: 800626n| azannaabn |a aaa

010 ## - NÚMERO DE CONTROL DE LA BIBLIOTECA DEL CONGRESO

  • Número de control LC: n 79131478

035 ## - NUMERO DE CONTROL

  • Número de control: (OCoLC)oca00362883

040 ## - FUENTE DE CATALOGACIÓN

  • Agencia original de catalogación: DLC
  • Lenguaje de catalogación: spa
  • Description conventions: rda
  • Agencia de transcripción: DLC
  • Agencia que lo modifica: OCoLC
  • Agencia que lo modifica: DLC
  • Agencia que lo modifica: ICN
  • Agencia que lo modifica: DLC
  • Agencia que lo modifica: OCoLC
  • Agencia que lo modifica: MX-MxUPN

046 ## - FECHAS CON CODIFICACIÓN ESPECIAL

  • Fecha de nacimiento: 1820
  • Fecha de muerte: 1898
  • Fuente del formato de fecha: edtf

100 1# - ENCABEZAMIENTO - NOMBRE PERSONAL

  • Nombre personal: Drioux,
  • Títulos u otras palabras asociadas al nombre: abbé
  • Fuller form of name: (Claude-Joseph),
  • Fechas asociadas con el nombre: 1820-1898

374 ## - OCUPACIÓN

  • Occupation: Cartógrafo

374 ## - OCUPACIÓN

  • Occupation: Sacerdote

378 ## - FORMA COMPLETA DE NOMBRE PERSONAL

  • Fuller form of personal name: Claude-Joseph

400 1# - VEÁSE - NOMBRE DE PERSONA

  • Personal name: Drioux,
  • Titles and other words associated with a name: abate,
  • Dates associated with a name: 1820-1898

400 1# - VEÁSE - NOMBRE DE PERSONA

  • Personal name: Drioux, Claude-Joseph,
  • Dates associated with a name: 1820-1898

400 1# - VEÁSE - NOMBRE DE PERSONA

  • Personal name: Drioux, Claude J.
  • Fuller form of name: (Claude-Joseph),
  • Dates associated with a name: 1820-1898

400 1# - VEÁSE - NOMBRE DE PERSONA

  • Personal name: Drioux,
  • Titles and other words associated with a name: M.,
  • Dates associated with a name: 1820-1898

670 ## - FUENTE EN LA QUE SE LOCALIZARON DATOS

  • Cita de la fuente: His Cours théorique et practique de littérature, 1866.

670 ## - FUENTE EN LA QUE SE LOCALIZARON DATOS

  • Cita de la fuente: His Précis élémentaire d'histoire ecclésiastique, 1869:
  • Información localizada: portada (l'abbé Drioux)

670 ## - FUENTE EN LA QUE SE LOCALIZARON DATOS

  • Cita de la fuente: LC data base 12/8/83
  • Información localizada: (hdg.: Drioux, Claude Joseph, 1820-1898; usage: el abate Drioux)

670 ## - FUENTE EN LA QUE SE LOCALIZARON DATOS

  • Cita de la fuente: Dict. biog. fran.
  • Información localizada: (Drioux, Claude-Joseph)

670 ## - FUENTE EN LA QUE SE LOCALIZARON DATOS

  • Cita de la fuente: Atlas universel et classique de géographie ancienne, moderne et contemporaine, 1881:
  • Información localizada: portada (Claude J. Drioux)

670 ## - FUENTE EN LA QUE SE LOCALIZARON DATOS

  • Cita de la fuente: Empire romain d'orient et d'occident à la mort de Théodose, 1867:
  • Información localizada: portada (par MM Drioux et Leroy)

670 ## - FUENTE EN LA QUE SE LOCALIZARON DATOS

  • Cita de la fuente: Tooley's dictionary of mapmakers, 1999-2004:
  • Información localizada: (Drioux, Claude-Joseph (1820-1898); author of several atlases)

670 ## - FUENTE EN LA QUE SE LOCALIZARON DATOS

  • Cita de la fuente: OCLC, 4 November 2014
  • Información localizada: (usage: M. l'abbé Drioux; l'abbé Drioux; M. Drioux; Drioux; Claude J. Drioux)

670 ## - FUENTE EN LA QUE SE LOCALIZARON DATOS

  • Cita de la fuente: Historia romana, 1888:
  • Información localizada: portada (Abate Drioux)

902 ## - CATALOGADOR

  • Catalogador: Víctor Ruiz/220324